| 000 | 00000nam##2200000za#4500 |
| 001 | 9.573395 |
| 003 | CaOODSP |
| 005 | 20210624183701 |
| 007 | cr ||||||||||| |
| 008 | 150406|1999||||xxc|||||o f|0| 0 eng|d |
| 040 | |aCaOODSP|beng |
| 043 | |an-cn--- |
| 086 | 1 |aNH14-1/0385E-PDF |
| 110 | 2 |aCanada Mortgage and Housing Corporation. |
| 245 | 10|aHousing choice and adaptability for African refugees / |h[electronic resource]|cwritten by Word-Works Communications Services. |
| 260 | |aOttawa - Ontario : |bCanada Mortgage and Housing Corporation |
| 300 | |a26p.|bfigs., table |
| 490 | 1 |aAffordability and Choice Today (ACT) regulatory reform project|vOctober 1999 |
| 590 | |a12-31-Supp|b2012-07-06 |
| 775 | 08|tChoix et adaptabilité des logements destinés aux réfugiés africains / |w(CaOODSP)9.603564 |
| 776 | 0#|tChoix et adaptabilité des logements destinés aux réfugiés africains / |w(CaOODSP)9.534761 |
| 776 | 0#|tHousing choice and adaptability for African refugees / |w(CaOODSP)9.534760 |
| 830 | #0|aAffordability and Choice Today (ACT) regulatory reform project ;|vOctober 1999|w(CaOODSP)9.506898 |
| 856 | 40|ahttp://publications.gc.ca|qPDF|s111 KB|uhttps://publications.gc.ca/collections/Collection/NH14-1-0385E.pdf|yOctober 1999 |